The business of human rights: an evolving agenda for corporate responsibility (Record no. 77925)

MARC details
000 -LEADER
fixed length control field 01006nam a2200205 a 4500
008 - FIXED-LENGTH DATA ELEMENTS--GENERAL INFORMATION
fixed length control field 120928s2011 ||||||||||||||||| || u
020 ## - INTERNATIONAL STANDARD BOOK NUMBER
International Standard Book Number 978-1-84813-862-9
050 ## - LIBRARY OF CONGRESS CALL NUMBER
Classification number JC 571 Bus
100 ## - MAIN ENTRY--PERSONAL NAME
Personal name Yanacopulos, Helen
245 14 - TITLE STATEMENT
Title The business of human rights: an evolving agenda for corporate responsibility
Statement of responsibility, etc. edited by Aurora Voiculescu and Helen Yanacopulos
260 ## - PUBLICATION, DISTRIBUTION, ETC.
Place of publication, distribution, etc. London
Name of publisher, distributor, etc. Zed Books
Date of publication, distribution, etc. 2011
300 ## - PHYSICAL DESCRIPTION
Extent viii, 245p.
350 ## -
-- 38.95
650 #0 - SUBJECT ADDED ENTRY--TOPICAL TERM
Topical term or geographic name entry element BUSINESS
650 #0 - SUBJECT ADDED ENTRY--TOPICAL TERM
Topical term or geographic name entry element HUMAN RIGHTS
700 ## - ADDED ENTRY--PERSONAL NAME
Personal name Voiculescu, Aurora
995 ## -
-- BINDERY (DAMAGED)
-- 745153
-- CBU-MAIN LIBRARY (Kitwe)
-- 38.95
-- JC 571 Bus
-- 3
-- AVAILABLE
-- Apr 27, 2015
-- 745153
-- Annex Low-Usage Collection
995 ## -
-- SPECIAL COLLECTIONS
-- 500159
-- CBU-DAG HAMMARSKJOLD INSTITUTE LIBRARY
-- DAG JC 571 Bus
-- 1
-- AVAILABLE
-- Nov 16, 2012
-- 500159
-- DHIPS Book Collection
995 ## -
-- MAIN LIBRARY OPEN ACCESS
-- 745152
-- CBU-MAIN LIBRARY (Kitwe)
-- 38.95
-- JC 571 Bus
-- 2
-- AVAILABLE
-- Apr 27, 2015
-- 745152
-- Main Library Open Access Collection
999 ## -
-- 77925
-- 77925
Holdings
Withdrawn status Lost status Source of classification or shelving scheme Damaged status Not for loan Permanent Location Current Location Shelving location Date acquired Total Checkouts Full call number Barcode Date last seen Copy number Price effective from Koha item type
          CBU-DAG HAMMARSKJOLD INSTITUTE CBU-DAG HAMMARSKJOLD INSTITUTE   05/03/2023   JC 571 Bus 500159 05/03/2023 2 05/03/2023 SPECIAL COLLECTION
          CBU-MAIN LIBRARY, KITWE. CBU-MAIN LIBRARY, KITWE.   05/03/2023   JC 571 Bus 745153 05/03/2023 1 05/03/2023 MONOGRAPH
          CBU-MAIN LIBRARY, KITWE. CBU-MAIN LIBRARY, KITWE.   05/03/2023   JC 571 Bus 745152 05/03/2023 3 05/03/2023 MONOGRAPH